Air pollution /

Bibliographic Details
Main Author: Perkins, Henry C. (Henry Crawford)
Format: Book
Language:English
Published: New York : McGraw-Hill, [1974]
Subjects:

MARC

Tag First Indicator Second Indicator Subfields
LEADER 00000pam a2200000 4500
001 in00000336200
005 20151011055038.0
008 731228s1974 nyua b 00110 eng
010 |a  73022345  
020 |a 0070493022  |c $15.00 
035 |a (OCoLC)00797919 
035 |9 ABM2024AM 
040 |a DLC  |c DLC  |d TXA  |d UtOrBLW 
049 |a TXAM  |c [974052] 
050 0 0 |a TD883  |b .P45 
082 0 |a 628.5/3 
100 1 |a Perkins, Henry C.  |q (Henry Crawford) 
245 1 0 |a Air pollution /  |c [by] Henry C. Perkins. 
264 1 |a New York :  |b McGraw-Hill,  |c [1974] 
300 |a xiv, 407 pages :  |b illustrations ;  |c 24 cm. 
336 |a text  |b txt  |2 rdacontent 
337 |a unmediated  |b n  |2 rdamedia 
338 |a volume  |b nc  |2 rdacarrier 
504 |a Includes bibliographies. 
650 0 |a Air  |x Pollution. 
999 |a MARS 
999 f f |s ba71607d-bcae-3888-9f93-effdeb109eb3  |i a19b16a4-9d54-306e-a306-1da93dd97184  |t 0 
952 f f |p ric  |a Texas A&M University  |b Rellis Campus  |c Joint Library Facility  |d Remote Storage  |t 0  |e TD883 .P45  |h Library of Congress classification  |i unmediated -- volume  |m A14805369595 
998 f f |a TD883 .P45  |t 0  |l Remote Storage